| 000 | 00861cam a2200157 4500500 | ||
|---|---|---|---|
| 005 | 20260329022152.0 | ||
| 041 | _afre | ||
| 042 | _adc | ||
| 100 | 1 | 0 |
_aSchumacher, Julio _eauthor |
| 245 | 0 | 0 | _aEstelle Ferrarese Une philosophie des sanglots Rivages, « Bibliothèque Rivages », 2025, 300 pages, 19 €. |
| 260 | _c2025. | ||
| 500 | _a60 | ||
| 520 | _aRésuméSi, depuis le Nouveau Roman, la modernité semble avoir privé le roman de sa vocation narrative, le Policier, tout au contraire, assume pleinement cette fonction fondamentale de la littérature. Les auteurs de Policiers paraissent, de nos jours, être les seuls à savoir encore ce que raconter une histoire veut dire. | ||
| 786 | 0 | _nÉtudes | Jui | 6 | 2025-05-21 | p. 133-133 | 0014-1941 | |
| 856 | 4 | 1 | _uhttps://shs.cairn.info/revue-etudes-2025-6-page-133?lang=fr&redirect-ssocas=7080 |
| 999 |
_c1918151 _d1918151 |
||